| 000 | 01705nam a2200265 a 4500 | ||
|---|---|---|---|
| 001 | 84119 | ||
| 003 | BD-RjUL | ||
| 005 | 20241017123110.0 | ||
| 008 | 241017s2018 bg a|||| m||| 00| 0 ben d | ||
| 035 | _a(BD-RjUL)84119 | ||
| 040 |
_aBD-RjUL _bben / eng _cBD-RjUL _dBD-RjUL |
||
| 041 | _aben | ||
| 082 |
_223 _a321.8095492 _bBAB 2018 |
||
| 100 |
_aবানু, শামিমা আকতার _99232 |
||
| 245 | 1 | 0 |
_aবাংলাদেশে গণতান্ত্রিক ব্যবস্থার কার্যকারিতা (১৯৯১-২০০৬) : _bএকটি পর্যালোচনা / _cগবেষক শামিমা আকতার বানু ; _6সুপারভাইজার : এম. আমিনুর রহমান |
| 246 |
_aEffectiveness of Democratic System in Bangladesh (1991-2006) : _bA Review / |
||
| 260 |
_aরাজশাহী : _bরাষ্ট্রবিজ্ঞান বিভাগ, রাজশাহী বিশ্ববিদ্যালয়, _c২০১৮ |
||
| 300 |
_axxii, ২০১ পাতা : _bচিত্র ; _c২৯ সেমি. |
||
| 502 | _aথিসিস (পিএইচ. ডি.) -- রাষ্ট্রবিজ্ঞান বিভাগ, রাজশাহী বিশ্ববিদ্যালয়, ২০১৮ | ||
| 504 | _aসহায়ক গ্রন্থপঞ্জি : পাতা ১৬৯-২০১ | ||
| 650 |
_aগণতান্ত্রিক সরকার _vবাংলাদেশ _913821 |
||
| 650 |
_aDemocratic Government _zBangladesh _913822 |
||
| 700 |
_aরহমান, এম. আমিনুর, সুপারভাইজার _913823 |
||
| 942 |
_2ddc _cTHE |
||
| 999 |
_c84119 _d84119 |
||